Municipalities of Osaka - Statistics

General Stats
  • This quiz has been taken 28 times
  • The average score is 27 of 43
Answers on the Map
Answers color-coded by a green-red scale on the quiz's map according to % correct below.
 
Answer Stats
Answer % Correct
Osaka
100%
Hirakata
84%
Sakai
79%
Toyonaka
79%
Higashiosaka
74%
Neyagawa
74%
Suita
74%
Yao
74%
Ibaraki
68%
Ikeda
68%
Izumi
68%
Kishiwada
68%
Nose
68%
Takatsuki
68%
Hannan
63%
Izumisano
63%
Kadoma
63%
Kaizuka
63%
Katano
63%
Kawachinagano
63%
Minoh
63%
Moriguchi
63%
Settsu
63%
Shimamoto
63%
Habikino
58%
Izumiotsu
58%
Misaki
58%
Sennan
58%
Shijonawate
58%
Tajiri
58%
Toyono
58%
Fujiidera
53%
Matsubara
53%
Tadaoka
53%
Tondabayashi
53%
Chihayaakasaka
47%
Daito
47%
Kumatori
47%
Osakasayama
47%
Taishi
47%
Takaishi
47%
Kanan
37%
Kashiwara
37%
No matching quizzes found
Score Distribution
Percent of People with Each Score
Percentile by Number Answered
Your Score History
You have not taken this quiz